Hololive JP to EN Quotes - Statistics

General Stats
  • This quiz has been taken 55 times
  • The average score is 4 of 20
Answer Stats
Hint Answer % Correct
Oh, I'm die. Thank you forever. Inugami Korone
95%
Hi Honey!!! Hoshimachi Suisei
80%
I'm Horny!~ Houshou Marine
75%
FAQ is Love Sakura Miko
55%
pepeloni. you know the pepeloni? ahh the pepeloni, pepeloni. you know the pepeloni? the nooo one. i always, i always order the, the domino. domino pepeloni and without pepeloni. i always order the pepeloni and without pepeloni. pepeloni! i like pepeloni, yeah. i always, i always order the, the cheese- cheese pan. ahh how can i explain? i can explain by my drawing! i always order like the cheese pan that it has cheese on here, this part, the ear. ear of pizza. and then, i order- wh- when i order pepeloni, the ear- it always have a pepeloni on h- on a top, but i pick up these... away! cause i don't eat it. and then i eat the cheese pan pizza. okay? you understand? understandable! pepeloni! yes. Haachama
35%
Drawing wife? yes, yes, all yes special yes Momosuzu Nene
20%
"how many instuments do you own?" YES Omaru Polka
15%
Are you OK? (sounds like Terry Bogard) Oozora Subaru
8%
Nice aim; FAQ you Usada Pekora
8%
______ is very very goddess goddess______ is goddess goddess cutest Beautiful Genius Sexy sexy adult Wonderful great Excellent Perfect ______ Himemori Luna
5%
Be Quiet Virgin! Ichijou Ririka
5%
Thank you for purchasing my figure really like, kiss me!!!!! Nekomata Okayu
5%
Do you like snow head? Shirakami Fubuki
5%
money cannot buy what is most precious, my hug is precious; and priceless Hakui Koyori
3%
Let's go gamble! Laplus Darknesss
3%
I'm ______ ____ in Hololive company. Do you like... loli? Minato Aqua
3%
coffeeeeeeeeeeeeeeeeeeeeeeeeeeeeee Natsuiro Matsuri
3%
I'm doing FAQing gooooood~ Otonose Kanade
3%
I am spicy chicken. Roboco
3%
I want your body, Joking! Sakamata Chloe
3%
No matching quizzes found
Score Distribution
Percent of People with Each Score
Percentile by Number Answered
Your Score History
You have not taken this quiz